[Event "PMPJ 2022 - C17"]
[Site "Jastrzebia Gora"]
[Date "2022.11.12"]
[Round "9.12"]
[White "Wesolek, Krzysztof"]
[Black "Bednarczyk, Mateusz"]
[Result "1-0"]
[BlackElo "1756"]
[WhiteElo "1667"]
[LiveChessVersion "1.4.8"]

1. e4 {[%clk 1:30:58]} c5 {[%clk 1:30:55]} 2. d4 {[%clk 1:31:24]} cxd4
{[%clk 1:31:06]} 3. c3 {[%clk 1:31:49]} d3 {[%clk 1:31:22]} 4. Bxd3
{[%clk 1:32:13]} Nc6 {[%clk 1:31:42]} 5. f4 {[%clk 1:31:47]} d6 {[%clk 1:32:06]}
6. Nf3 {[%clk 1:31:22]} Nf6 {[%clk 1:32:06]} 7. Qe2 {[%clk 1:27:21]} Bg4
{[%clk 1:26:40]} 8. O-O {[%clk 1:20:23]} e6 {[%clk 1:24:34]} 9. Be3
{[%clk 1:19:11]} Be7 {[%clk 1:24:35]} 10. Nbd2 {[%clk 1:18:32]} h5
{[%clk 1:18:37]} 11. Kh1 {[%clk 0:58:36]} h4 {[%clk 1:14:57]} 12. b4
{[%clk 0:51:15]} Nh5 {[%clk 1:07:45]} 13. Rfd1 {[%clk 0:43:06]} Bf6
{[%clk 1:00:11]} 14. Rac1 {[%clk 0:42:32]} Ne7 {[%clk 0:58:52]} 15. Bb5+
{[%clk 0:40:58]} Kf8 {[%clk 0:59:14]} 16. e5 {[%clk 0:30:15]} Nf5
{[%clk 0:49:38]} 17. Ne4 {[%clk 0:24:44]} d5 {[%clk 0:34:53]} 18. exf6
{[%clk 0:21:34]} Qc7 {[%clk 0:29:03]} 19. fxg7+ {[%clk 0:18:30]} Kxg7
{[%clk 0:29:08]} 20. Bd4+ {[%clk 0:17:37]} Nxd4 {[%clk 0:25:25]} 21. cxd4
{[%clk 0:17:50]} Qxf4 {[%clk 0:24:31]} 22. Neg5 {[%clk 0:13:52]} Bxf3
{[%clk 0:19:47]} 23. Nxf3 {[%clk 0:13:04]} Ng3+ {[%clk 0:20:05]} 24. hxg3
{[%clk 0:13:28]} hxg3+ {[%clk 0:20:32]} 25. Kg1 {[%clk 0:13:52]} Rh5
{[%clk 0:20:49]} 26. Qd2 {[%clk 0:10:30]} Rah8 {[%clk 0:19:07]} 27. Kf1
{[%clk 0:10:22]} Qe4 {[%clk 0:18:04]} 28. Re1 {[%clk 0:08:18]} Rh1+
{[%clk 0:16:32]} 29. Ng1 {[%clk 0:08:44]} Qg4 {[%clk 0:16:49]} 30. Qe3
{[%clk 0:07:17]} R8h5 {[%clk 0:13:40]} 31. Be2 {[%clk 0:05:36]} Rxg1+
{[%clk 0:12:28]} 32. Kxg1 {[%clk 0:05:56]} Rh1+ {[%clk 0:12:53]} 33. Kxh1
{[%clk 0:06:22]} Qh4+ {[%clk 0:13:21]} 34. Kg1 {[%clk 0:06:45]} Qh2+
{[%clk 0:13:48]} 35. Kf1 {[%clk 0:07:09]} Qh1+ {[%clk 0:14:14]} 36. Qg1
{[%clk 0:07:31]} Qxg1+ {[%clk 0:14:40]} 37. Kxg1 {[%clk 0:07:57]} 1-0

[Event "PMPJ 2022 - C17"]
[Site "Jastrzebia Gora"]
[Date "2022.11.12"]
[Round "9.13"]
[White "Hury, Tymoteusz"]
[Black "Choina, Jan"]
[Result "1-0"]
[BlackElo "1554"]
[WhiteElo "1710"]
[LiveChessVersion "1.4.8"]

1. e4 {[%clk 1:31:00]} c5 {[%clk 1:30:54]} 2. Nf3 {[%clk 1:31:25]} e6
{[%clk 1:31:18]} 3. d4 {[%clk 1:31:51]} cxd4 {[%clk 1:31:41]} 4. c3
{[%clk 1:32:17]} dxc3 {[%clk 1:31:03]} 5. Nxc3 {[%clk 1:32:42]} a6
{[%clk 1:30:47]} 6. Be2 {[%clk 1:32:38]} Bb4 {[%clk 1:29:12]} 7. Qd4
{[%clk 1:25:04]} Bxc3+ {[%clk 1:22:08]} 8. bxc3 {[%clk 1:25:23]} f6
{[%clk 1:18:17]} 9. Qd6 {[%clk 1:03:25]} Qe7 {[%clk 1:12:57]} 10. Qd2
{[%clk 1:00:29]} Nc6 {[%clk 1:10:26]} 11. a4 {[%clk 0:59:04]} Nh6
{[%clk 1:07:04]} 12. Ba3 {[%clk 0:54:21]} Qd8 {[%clk 1:07:07]} 13. O-O
{[%clk 0:46:31]} d5 {[%clk 0:55:54]} 14. Rad1 {[%clk 0:38:12]} dxe4
{[%clk 0:51:57]} 15. Qc2 {[%clk 0:31:13]} Qa5 {[%clk 0:48:04]} 16. Qxe4
{[%clk 0:29:25]} Kf7 {[%clk 0:41:04]} 17. Bc4 {[%clk 0:24:15]} Qf5
{[%clk 0:32:31]} 18. Qe2 {[%clk 0:22:08]} Ng4 {[%clk 0:28:27]} 19. Rfe1
{[%clk 0:20:21]} Nge5 {[%clk 0:26:48]} 20. Nxe5+ {[%clk 0:16:04]} Nxe5
{[%clk 0:26:51]} 21. Bb3 {[%clk 0:14:46]} Re8 {[%clk 0:25:32]} 22. f4
{[%clk 0:13:28]} Ng6 {[%clk 0:20:12]} 23. g3 {[%clk 0:12:44]} Nf8
{[%clk 0:19:56]} 24. Rd5 {[%clk 0:10:41]} Qg6 {[%clk 0:16:43]} 25. Bc2
{[%clk 0:09:51]} f5 {[%clk 0:15:50]} 26. Rxf5+ {[%clk 0:09:52]} Qxf5
{[%clk 0:12:12]} 27. Bxf5 {[%clk 0:10:15]} Bd7 {[%clk 0:12:09]} 28. Bc2
{[%clk 0:10:02]} b5 {[%clk 0:11:59]} 29. Rd1 {[%clk 0:09:05]} Bc6
{[%clk 0:12:07]} 30. Bxf8 {[%clk 0:08:51]} Kxf8 {[%clk 0:12:12]} 31. Qh5
{[%clk 0:07:33]} h6 {[%clk 0:11:50]} 32. Qc5+ {[%clk 0:07:59]} Kg8
{[%clk 0:12:09]} 33. Qxc6 {[%clk 0:08:24]} 1-0

[Event "PMPJ 2022 - C17"]
[Site "Jastrzebia Gora"]
[Date "2022.11.12"]
[Round "9.14"]
[White "Maciaszek, Karol"]
[Black "Dysko, Michal"]
[Result "1-0"]
[BlackElo "1554"]
[WhiteElo "1631"]
[LiveChessVersion "1.4.8"]

1. e4 {[%clk 1:30:56]} e5 {[%clk 1:30:47]} 2. d4 {[%clk 1:30:36]} exd4
{[%clk 1:31:03]} 3. c3 {[%clk 1:30:56]} dxc3 {[%clk 1:24:14]} 4. Bc4
{[%clk 1:30:54]} Nc6 {[%clk 1:24:31]} 5. Nf3 {[%clk 1:28:49]} Be7
{[%clk 1:20:39]} 6. O-O {[%clk 1:27:15]} Na5 {[%clk 1:19:22]} 7. Bxf7+
{[%clk 1:26:11]} Kxf7 {[%clk 1:17:47]} 8. Qd5+ {[%clk 1:25:25]} Kf8
{[%clk 1:16:41]} 9. Qxa5 {[%clk 1:23:25]} cxb2 {[%clk 1:16:46]} 10. Bxb2
{[%clk 1:23:52]} c6 {[%clk 1:16:48]} 11. Qf5+ {[%clk 1:19:42]} Nf6
{[%clk 1:15:08]} 12. e5 {[%clk 1:17:56]} d6 {[%clk 1:15:37]} 13. exf6
{[%clk 1:18:13]} Bxf6 {[%clk 1:11:22]} 14. Qf4 {[%clk 1:18:14]} Be6
{[%clk 1:09:56]} 15. Nc3 {[%clk 1:17:48]} Kg8 {[%clk 1:09:11]} 16. Rfe1
{[%clk 1:17:57]} Bf7 {[%clk 1:07:43]} 17. Rad1 {[%clk 1:15:59]} d5
{[%clk 1:08:06]} 18. Na4 {[%clk 1:14:23]} 1-0

[Event "PMPJ 2022 - C17"]
[Site "Jastrzebia Gora"]
[Date "2022.11.12"]
[Round "9.15"]
[White "Jozefik, Aleksander"]
[Black "Sewera, Wiktor"]
[Result "1-0"]
[BlackElo "1425"]
[WhiteElo "1616"]
[LiveChessVersion "1.4.8"]

1. e4 {[%clk 1:30:57]} e6 {[%clk 1:30:55]} 2. d4 {[%clk 1:31:21]} d5
{[%clk 1:31:21]} 3. Nc3 {[%clk 1:31:41]} Bb4 {[%clk 1:31:42]} 4. e5
{[%clk 1:31:54]} c5 {[%clk 1:32:01]} 5. a3 {[%clk 1:32:02]} Bxc3+
{[%clk 1:32:20]} 6. bxc3 {[%clk 1:32:25]} Ne7 {[%clk 1:32:33]} 7. h4
{[%clk 1:32:26]} Qc7 {[%clk 1:32:40]} 8. Rb1 {[%clk 1:32:34]} b6 {[%clk 1:31:35]}
9. h5 {[%clk 1:29:30]} h6 {[%clk 1:31:25]} 10. Qg4 {[%clk 1:28:13]} cxd4
{[%clk 1:29:36]} 11. Qxg7 {[%clk 1:20:07]} Rg8 {[%clk 1:29:50]} 12. Qxh6
{[%clk 1:20:01]} Qxc3+ {[%clk 1:28:54]} 13. Qd2 {[%clk 1:18:40]} Ba6
{[%clk 1:27:26]} 14. Qxc3 {[%clk 1:11:50]} dxc3 {[%clk 1:27:45]} 15. h6
{[%clk 1:12:16]} Bxf1 {[%clk 1:26:21]} 16. Kxf1 {[%clk 1:11:59]} Nd7
{[%clk 1:23:49]} 17. Nf3 {[%clk 1:06:50]} Ng6 {[%clk 1:15:09]} 18. Bg5
{[%clk 1:04:55]} Nh8 {[%clk 1:13:56]} 19. Rh5 {[%clk 0:53:30]} Rc8
{[%clk 1:06:20]} 20. Rb4 {[%clk 0:52:04]} Rc4 {[%clk 0:56:33]} 21. Rxc4
{[%clk 0:49:01]} dxc4 {[%clk 0:56:55]} 22. Ke2 {[%clk 0:49:11]} f6
{[%clk 0:49:15]} 23. h7 {[%clk 0:45:12]} Rg6 {[%clk 0:45:56]} 24. exf6
{[%clk 0:42:03]} Nxf6 {[%clk 0:45:18]} 25. Bxf6 {[%clk 0:41:38]} Rxf6
{[%clk 0:45:42]} 26. Ne5 {[%clk 0:41:33]} b5 {[%clk 0:41:34]} 27. g4
{[%clk 0:41:33]} a5 {[%clk 0:36:52]} 28. g5 {[%clk 0:41:15]} Rf5 {[%clk 0:36:45]}
29. g6 {[%clk 0:40:50]} Kf8 {[%clk 0:35:36]} 30. Rxf5+ {[%clk 0:38:59]} exf5
{[%clk 0:35:55]} 31. Ke3 {[%clk 0:39:02]} b4 {[%clk 0:35:52]} 32. axb4
{[%clk 0:39:18]} axb4 {[%clk 0:35:53]} 33. Kd4 {[%clk 0:39:44]} b3
{[%clk 0:35:56]} 34. Kxc3 {[%clk 0:40:03]} bxc2 {[%clk 0:36:00]} 35. Kxc2
{[%clk 0:40:29]} Kg7 {[%clk 0:35:58]} 36. Kc3 {[%clk 0:40:21]} Nxg6
{[%clk 0:35:34]} 37. Nxg6 {[%clk 0:40:44]} Kxh7 {[%clk 0:35:55]} 38. Ne7
{[%clk 0:40:17]} Kh6 {[%clk 0:33:35]} 39. Nxf5+ {[%clk 0:39:29]} Kg5
{[%clk 0:33:18]} 40. Nd4 {[%clk 0:39:55]} Kf4 {[%clk 0:32:20]} 41. Kxc4
{[%clk 0:40:12]} Ke4 {[%clk 0:32:28]} 42. Kc3 {[%clk 0:40:31]} Kf4
{[%clk 0:32:43]} 43. Kd3 {[%clk 0:40:57]} Ke5 {[%clk 0:32:45]} 44. Ke3
{[%clk 0:41:22]} Kd5 {[%clk 0:32:57]} 45. f4 {[%clk 0:41:46]} Kd6
{[%clk 0:33:17]} 46. Ke4 {[%clk 0:42:12]} Ke7 {[%clk 0:33:35]} 47. Ke5
{[%clk 0:42:36]} Kf7 {[%clk 0:33:55]} 48. f5 {[%clk 0:43:02]} Ke7
{[%clk 0:34:18]} 49. f6+ {[%clk 0:43:27]} Kd7 {[%clk 0:32:45]} 50. Kf5
{[%clk 0:43:50]} Ke8 {[%clk 0:33:09]} 51. Kg6 {[%clk 0:44:14]} Kf8
{[%clk 0:33:30]} 52. Ne6+ {[%clk 0:44:29]} Ke8 {[%clk 0:33:46]} 53. f7+
{[%clk 0:44:55]} Ke7 {[%clk 0:34:09]} 54. f8=Q+ {[%clk 0:45:17]} Kxe6
{[%clk 0:34:32]} 55. Qf5+ {[%clk 0:45:41]} 1-0

[Event "PMPJ 2022 - C17"]
[Site "Jastrzebia Gora"]
[Date "2022.11.12"]
[Round "9.16"]
[White "Haluja, Wiktor"]
[Black "Rychlik, Michal"]
[Result "1/2-1/2"]
[BlackElo "1604"]
[WhiteElo "1435"]
[LiveChessVersion "1.4.8"]

1. e4 {[%clk 1:30:59]} e5 {[%clk 1:30:53]} 2. Nf3 {[%clk 1:31:23]} Nc6
{[%clk 1:31:19]} 3. Bb5 {[%clk 1:31:47]} a6 {[%clk 1:31:44]} 4. Ba4
{[%clk 1:32:12]} d6 {[%clk 1:32:12]} 5. c3 {[%clk 1:31:43]} Bd7 {[%clk 1:32:23]}
6. d3 {[%clk 1:31:37]} g6 {[%clk 1:32:26]} 7. O-O {[%clk 1:31:33]} Bg7
{[%clk 1:32:47]} 8. Re1 {[%clk 1:31:39]} Nf6 {[%clk 1:32:47]} 9. Nbd2
{[%clk 1:31:31]} O-O {[%clk 1:33:05]} 10. Nf1 {[%clk 1:29:56]} Qe8
{[%clk 1:30:23]} 11. Be3 {[%clk 1:24:56]} h6 {[%clk 1:25:40]} 12. h3
{[%clk 1:24:15]} Nh5 {[%clk 1:23:07]} 13. Bb3 {[%clk 1:11:55]} Kh7
{[%clk 1:22:43]} 14. d4 {[%clk 1:09:43]} f5 {[%clk 1:20:43]} 15. exf5
{[%clk 1:04:34]} gxf5 {[%clk 1:21:04]} 16. dxe5 {[%clk 1:02:54]} Nxe5
{[%clk 1:05:41]} 17. Bd4 {[%clk 0:55:50]} Bc6 {[%clk 0:59:07]} 18. N1d2
{[%clk 0:43:25]} Qg6 {[%clk 0:56:12]} 19. Nh4 {[%clk 0:41:34]} Qg5
{[%clk 0:55:16]} 20. Ndf3 {[%clk 0:39:23]} Nxf3+ {[%clk 0:46:19]} 21. Nxf3
{[%clk 0:39:41]} Qd8 {[%clk 0:45:55]} 22. Bxg7 {[%clk 0:36:23]} Nxg7
{[%clk 0:46:14]} 23. Nd4 {[%clk 0:36:07]} Qf6 {[%clk 0:41:28]} 24. Nxc6
{[%clk 0:34:48]} bxc6 {[%clk 0:39:35]} 25. Qd4 {[%clk 0:34:58]} Qd8
{[%clk 0:36:47]} 26. Re2 {[%clk 0:32:01]} Qd7 {[%clk 0:34:05]} 27. Rae1
{[%clk 0:30:41]} Rfe8 {[%clk 0:33:29]} 28. Qd3 {[%clk 0:24:30]} a5
{[%clk 0:30:27]} 29. Ba4 {[%clk 0:23:10]} Rxe2 {[%clk 0:26:03]} 30. Rxe2
{[%clk 0:23:09]} d5 {[%clk 0:25:37]} 31. Re5 {[%clk 0:21:47]} Qd6
{[%clk 0:24:28]} 32. Qe3 {[%clk 0:20:22]} c5 {[%clk 0:24:04]} 33. Bc2
{[%clk 0:17:23]} Rf8 {[%clk 0:22:01]} 34. Re7 {[%clk 0:16:55]} c6
{[%clk 0:19:12]} 35. Qe5 {[%clk 0:15:37]} Qxe5 {[%clk 0:18:53]} 36. Rxe5
{[%clk 0:16:04]} Rb8 {[%clk 0:19:22]} 37. b3 {[%clk 0:15:31]} Kg6
{[%clk 0:18:38]} 38. g4 {[%clk 0:15:24]} Kf6 {[%clk 0:18:45]} 39. f4
{[%clk 0:15:09]} fxg4 {[%clk 0:17:00]} 40. hxg4 {[%clk 0:15:38]} Ne6
{[%clk 0:17:27]} 41. Rf5+ {[%clk 0:15:04]} Ke7 {[%clk 0:17:10]} 42. Re5
{[%clk 0:14:53]} Kd6 {[%clk 0:15:07]} 43. Rh5 {[%clk 0:13:51]} Rg8
{[%clk 0:07:57]} 44. Bf5 {[%clk 0:12:37]} Nxf4 {[%clk 0:08:00]} 45. Rxh6+
{[%clk 0:12:57]} Ke5 {[%clk 0:04:13]} 46. Kf2 {[%clk 0:08:23]} a4
{[%clk 0:03:01]} 47. Rxc6 {[%clk 0:07:20]} axb3 {[%clk 0:03:14]} 48. axb3
{[%clk 0:07:21]} Rb8 {[%clk 0:03:17]} 49. Rxc5 {[%clk 0:03:15]} Rxb3
{[%clk 0:03:38]} 50. c4 1/2-1/2

[Event "PMPJ 2022 - C17"]
[Site "Jastrzebia Gora"]
[Date "2022.11.12"]
[Round "9.17"]
[White "Jedrzejczak, Michal"]
[Black "Mocko, Maciej"]
[Result "1-0"]
[BlackElo "1572"]
[WhiteElo "1503"]
[LiveChessVersion "1.4.8"]

1. d4 {[%clk 1:30:59]} Nf6 {[%clk 1:30:56]} 2. c4 {[%clk 1:31:26]} e5
{[%clk 1:31:23]} 3. dxe5 {[%clk 1:31:42]} Ng4 {[%clk 1:31:49]} 4. Nf3
{[%clk 1:31:58]} Bc5 {[%clk 1:32:08]} 5. e3 {[%clk 1:32:05]} Nc6 {[%clk 1:32:24]}
6. Nc3 {[%clk 1:29:44]} O-O {[%clk 1:32:38]} 7. Be2 {[%clk 1:27:53]} a5
{[%clk 1:31:50]} 8. O-O {[%clk 1:27:21]} Ngxe5 {[%clk 1:32:06]} 9. Nxe5
{[%clk 1:25:11]} Nxe5 {[%clk 1:32:31]} 10. Ne4 {[%clk 1:23:20]} Be7
{[%clk 1:30:50]} 11. b3 {[%clk 1:22:33]} Bf6 {[%clk 1:28:15]} 12. Nxf6+
{[%clk 1:20:20]} Qxf6 {[%clk 1:28:43]} 13. Qc2 {[%clk 1:20:34]} Qh4
{[%clk 1:25:04]} 14. Bb2 {[%clk 1:16:52]} Re8 {[%clk 1:25:15]} 15. Qc3
{[%clk 1:15:32]} Qh6 {[%clk 1:21:08]} 16. f4 {[%clk 1:10:46]} Ng6
{[%clk 1:19:31]} 17. c5 {[%clk 0:58:44]} Ne7 {[%clk 1:16:48]} 18. Rf3
{[%clk 0:54:40]} d5 {[%clk 1:13:27]} 19. cxd6 {[%clk 0:44:07]} cxd6
{[%clk 1:13:42]} 20. Rg3 {[%clk 0:41:24]} Nf5 {[%clk 1:11:26]} 21. Rh3
{[%clk 0:41:48]} Qg6 {[%clk 1:11:09]} 22. Bd3 {[%clk 0:41:09]} f6
{[%clk 1:11:25]} 23. e4 {[%clk 0:36:41]} Nh6 {[%clk 1:05:26]} 24. f5
{[%clk 0:36:45]} Bxf5 {[%clk 1:01:17]} 25. exf5 {[%clk 0:36:57]} Nxf5
{[%clk 1:01:45]} 26. Qc2 {[%clk 0:36:39]} Rac8 {[%clk 1:01:23]} 27. Qf2
{[%clk 0:33:29]} Rc5 {[%clk 1:01:29]} 28. Bd4 {[%clk 0:32:43]} Rd5
{[%clk 0:57:23]} 29. Bc4 1-0

[Event "PMPJ 2022 - C17"]
[Site "Jastrzebia Gora"]
[Date "2022.11.12"]
[Round "9.18"]
[White "Wiosna, Krzysztof"]
[Black "Bekier, Piotr"]
[Result "0-1"]
[BlackElo "1548"]
[WhiteElo "1159"]
[LiveChessVersion "1.4.8"]

1. e4 {[%clk 1:30:59]} d6 {[%clk 1:30:57]} 2. d4 {[%clk 1:31:25]} Nf6
{[%clk 1:31:24]} 3. Bd3 {[%clk 1:31:50]} g6 {[%clk 1:31:46]} 4. Nf3
{[%clk 1:32:13]} Bg7 {[%clk 1:32:11]} 5. c3 {[%clk 1:32:34]} O-O {[%clk 1:32:35]}
6. O-O {[%clk 1:32:57]} Nbd7 {[%clk 1:33:02]} 7. Re1 {[%clk 1:32:33]} e5
{[%clk 1:33:12]} 8. h3 {[%clk 1:30:23]} Re8 {[%clk 1:32:05]} 9. Nbd2
{[%clk 1:29:22]} b6 {[%clk 1:31:54]} 10. Nf1 {[%clk 1:29:00]} Bb7
{[%clk 1:32:05]} 11. Ng3 {[%clk 1:29:25]} h5 {[%clk 1:32:16]} 12. Bg5
{[%clk 1:27:37]} Nf8 {[%clk 1:24:18]} 13. Qd2 {[%clk 1:17:45]} Kh7
{[%clk 1:24:41]} 14. Bc4 {[%clk 1:09:05]} Re7 {[%clk 1:17:28]} 15. Rad1
{[%clk 1:08:12]} Qe8 {[%clk 1:16:56]} 16. dxe5 {[%clk 0:58:08]} dxe5
{[%clk 1:16:56]} 17. Bh4 {[%clk 0:57:57]} Kg8 {[%clk 1:07:01]} 18. Ng5
{[%clk 0:52:46]} Bc8 {[%clk 0:58:54]} 19. Nxf7 {[%clk 0:45:15]} Rxf7
{[%clk 0:59:06]} 20. Bxf7+ {[%clk 0:43:33]} Qxf7 {[%clk 0:59:17]} 21. f4
{[%clk 0:39:34]} Bh6 {[%clk 0:51:09]} 22. Bg5 {[%clk 0:27:47]} Bxg5
{[%clk 0:50:07]} 23. fxg5 {[%clk 0:28:09]} Ne8 {[%clk 0:49:10]} 24. Qd5
{[%clk 0:25:27]} Qxd5 {[%clk 0:49:11]} 25. exd5 {[%clk 0:25:12]} Nd7
{[%clk 0:49:28]} 26. Ne4 {[%clk 0:23:52]} Nd6 {[%clk 0:48:10]} 27. Rd2
{[%clk 0:20:50]} Bb7 {[%clk 0:48:27]} 28. Kf2 {[%clk 0:18:45]} Rf8+
{[%clk 0:48:16]} 29. Ke3 {[%clk 0:18:22]} Nc4+ {[%clk 0:48:36]} 0-1

[Event "PMPJ 2022 - C17"]
[Site "Jastrzebia Gora"]
[Date "2022.11.12"]
[Round "9.19"]
[White "Ullrich, Karol"]
[Black "Witkowski, Jedrzej"]
[Result "0-1"]
[BlackElo "1463"]
[WhiteElo "1848"]
[LiveChessVersion "1.4.8"]

1. e4 c5 2. Nf3 g6 3. d4 cxd4 4. Nxd4 Nc6 5. Nc3 Bg7 6. Be3 Nf6 7. Bc4 O-O 8. f3
Qb6 9. Bb3 Nxe4 10. Nd5 Qa5+ 11. c3 Nc5 12. Nxc6 dxc6 13. Nxe7+ Kh8 14. Nxc8
Raxc8 15. O-O Rcd8 16. Qc2 Rfe8 17. Rfe1 Kg8 18. Bg5 Rc8 19. h4 Nxb3 20. Qxb3
Qc5+ 21. Kh1 h6 22. Bf4 Qf2 23. Rf1 Qxh4+ 24. Bh2 Be5 25. f4 Bb8 26. Qxb7 Rc7 27.
Qb4 Rce7 28. Qc4 Re2 29. Qxc6 g5 30. Kg1 g4 31. Rad1 g3 32. Bxg3 Qxg3 33. Qb7
Bxf4 34. Rxf4 Qxf4 35. Rf1 Re1 0-1

[Event "PMPJ 2022 - C17"]
[Site "Jastrzebia Gora"]
[Date "2022.11.12"]
[Round "9.20"]
[White "Grzechowiak, Kacper"]
[Black "Komisarski, Jerzy"]
[Result "1-0"]
[BlackElo "1397"]
[WhiteElo "1448"]
[LiveChessVersion "1.4.8"]

1. e4 e5 {[%clk 1:30:44]} 2. Nf3 {[%clk 1:31:19]} Nf6 {[%clk 1:31:07]} 3. Nc3
{[%clk 1:31:02]} Nc6 {[%clk 1:31:29]} 4. Bc4 {[%clk 1:29:34]} Nxe4
{[%clk 1:31:33]} 5. Nxe4 {[%clk 1:20:26]} d5 {[%clk 1:31:47]} 6. Bxd5
{[%clk 1:19:16]} Qxd5 {[%clk 1:31:40]} 7. d3 {[%clk 1:19:05]} Bg4
{[%clk 1:28:34]} 8. h3 {[%clk 1:16:30]} Bxf3 {[%clk 1:27:42]} 9. Qxf3
{[%clk 1:16:29]} Nd4 {[%clk 1:27:16]} 10. Nf6+ {[%clk 1:15:58]} gxf6
{[%clk 1:26:06]} 11. Qxd5 Nxc2+ {[%clk 1:26:17]} 12. Ke2 {[%clk 1:14:47]} c6
{[%clk 1:22:52]} 13. Qc4 {[%clk 1:10:23]} Nxa1 {[%clk 1:22:43]} 14. Be3
{[%clk 1:09:12]} 1-0

[Event "PMPJ 2022 - C17"]
[Site "Jastrzebia Gora"]
[Date "2022.11.12"]
[Round "9.21"]
[White "Raba, Bartosz"]
[Black "Borzecki, Jakub"]
[Result "0-1"]
[BlackElo "1179"]
[WhiteElo "1896"]
[LiveChessVersion "1.4.8"]

1. Nf3 {[%clk 1:30:09]} e6 {[%clk 1:30:28]} 2. g3 {[%clk 1:30:28]} d5
{[%clk 1:30:51]} 3. Bg2 {[%clk 1:30:39]} c5 {[%clk 1:31:16]} 4. O-O
{[%clk 1:30:56]} Nc6 {[%clk 1:31:32]} 5. d3 {[%clk 1:30:59]} e5 {[%clk 1:30:17]}
6. Nbd2 {[%clk 1:30:44]} Nge7 {[%clk 1:30:23]} 7. e4 {[%clk 1:30:56]} f6
{[%clk 1:29:52]} 8. Nh4 {[%clk 1:29:26]} Be6 {[%clk 1:28:53]} 9. f4
{[%clk 1:23:16]} exf4 {[%clk 1:23:21]} 10. Rxf4 {[%clk 1:22:06]} Qd7
{[%clk 1:21:02]} 11. Rf2 {[%clk 1:17:30]} O-O-O {[%clk 1:17:39]} 12. Nb3
{[%clk 1:16:08]} b6 {[%clk 1:13:12]} 13. a4 {[%clk 1:15:41]} g5 {[%clk 1:12:52]}
14. exd5 {[%clk 1:08:29]} Nxd5 {[%clk 1:04:34]} 15. Nf3 {[%clk 1:08:27]} Ndb4
{[%clk 1:02:01]} 16. Nbd2 {[%clk 1:04:14]} c4 {[%clk 0:58:14]} 17. dxc4
{[%clk 1:04:11]} Bc5 {[%clk 0:57:08]} 18. Qf1 {[%clk 0:57:34]} Nxc2
{[%clk 0:53:14]} 19. Rb1 {[%clk 0:57:00]} Ne3 {[%clk 0:49:59]} 20. Qe2
{[%clk 0:56:59]} Nxg2 {[%clk 0:49:32]} 21. Kxg2 {[%clk 0:57:27]} Bh3+
{[%clk 0:45:50]} 22. Kg1 {[%clk 0:53:29]} Rhe8 {[%clk 0:44:57]} 23. Ne4
{[%clk 0:52:32]} Qd1+ {[%clk 0:42:07]} 24. Qe1 {[%clk 0:52:28]} Rxe4
{[%clk 0:37:20]} 25. Be3 {[%clk 0:52:47]} Qxe1+ {[%clk 0:37:31]} 26. Rxe1
{[%clk 0:53:10]} Rxe3 {[%clk 0:37:41]} 0-1

[Event "PMPJ 2022 - C17"]
[Site "Jastrzebia Gora"]
[Date "2022.11.12"]
[Round "9.22"]
[White "Mazus, Jakub"]
[Black "Kaczmarek, Jan"]
[Result "1/2-1/2"]
[BlackElo "1786"]
[WhiteElo "1430"]
[LiveChessVersion "1.4.8"]

1. e4 {[%clk 1:30:57]} e6 {[%clk 1:30:53]} 2. d4 {[%clk 1:31:16]} d5
{[%clk 1:31:19]} 3. exd5 {[%clk 1:31:41]} exd5 {[%clk 1:31:41]} 4. Nf3
{[%clk 1:32:07]} Bg4 {[%clk 1:30:36]} 5. h3 {[%clk 1:32:15]} Bh5 {[%clk 1:30:55]}
6. Qe2+ {[%clk 1:30:16]} Be7 {[%clk 1:29:51]} 7. Qb5+ {[%clk 1:27:58]} Nd7
{[%clk 1:27:07]} 8. Qxd5 {[%clk 1:26:39]} Ngf6 {[%clk 1:27:24]} 9. Qb3
{[%clk 1:26:54]} O-O {[%clk 1:27:00]} 10. Be2 {[%clk 1:20:18]} Nb6
{[%clk 1:24:22]} 11. O-O {[%clk 1:17:26]} Bxf3 {[%clk 1:22:12]} 12. Bxf3
{[%clk 1:17:48]} Qxd4 {[%clk 1:22:34]} 13. Rd1 {[%clk 1:15:55]} Qe5
{[%clk 1:22:17]} 14. Nc3 {[%clk 1:09:01]} Bc5 {[%clk 1:17:25]} 15. Ne2
{[%clk 1:05:42]} c6 {[%clk 1:13:47]} 16. Bf4 {[%clk 0:58:48]} Qf5
{[%clk 1:12:50]} 17. Bd6 {[%clk 0:51:11]} Bxd6 {[%clk 1:07:47]} 18. Rxd6
{[%clk 0:51:35]} Nfd5 {[%clk 1:07:06]} 19. Bxd5 {[%clk 0:43:11]} cxd5
{[%clk 1:06:35]} 20. Nc3 {[%clk 0:41:35]} Qf4 {[%clk 0:56:30]} 21. Nb5
{[%clk 0:31:51]} Rfe8 {[%clk 0:52:27]} 22. Qg3 {[%clk 0:29:42]} Qxg3
{[%clk 0:50:45]} 23. fxg3 {[%clk 0:29:56]} Nc4 {[%clk 0:46:32]} 24. Rxd5
{[%clk 0:28:04]} Nxb2 {[%clk 0:46:22]} 25. Rb1 {[%clk 0:24:07]} Nc4
{[%clk 0:46:10]} 26. Nc7 {[%clk 0:23:01]} Rad8 {[%clk 0:41:59]} 27. Rxb7
{[%clk 0:20:16]} Rxd5 {[%clk 0:41:41]} 28. Nxd5 {[%clk 0:20:16]} a5
{[%clk 0:41:09]} 29. Rc7 {[%clk 0:18:13]} Na3 {[%clk 0:39:58]} 30. Rc5
{[%clk 0:17:30]} f6 {[%clk 0:40:04]} 31. Kf2 {[%clk 0:15:19]} Rb8
{[%clk 0:40:04]} 1/2-1/2

[Event "PMPJ 2022 - C17"]
[Site "Jastrzebia Gora"]
[Date "2022.11.12"]
[Round "9.23"]
[White "Mikula, Maciej"]
[Black "Kuczmik, Pawel"]
[Result "1-0"]
[BlackElo "1426"]
[WhiteElo "1748"]
[LiveChessVersion "1.4.8"]

1. e4 e6 2. Nf3 d5 3. e5 c5 4. b4 c4 5. c3 a5 6. b5 Nd7 7. d3 cxd3 8. Bxd3 Qc7 9.
Qe2 Nc5 10. O-O Ne7 11. Na3 Ng6 12. Bxg6 hxg6 13. c4 dxc4 14. b6 Qxb6 15. Nxc4
Qa6 16. Rd1 Bd7 17. Rb1 Na4 18. Rxd7 Kxd7 19. Qd1+ Kc7 20. Qxa4 Rd8 21. Be3 Kb8
22. Rb6 Qxc4 23. Qxc4 Rd1+ 24. Qf1 Rxf1+ 25. Kxf1 Bb4 26. Nd4 Rc8 27. Nb5 Rc5 28.
Bxc5 Bxc5 29. Rd6 Bxd6 30. Nxd6 f6 31. Ke2 Kc7 32. exf6 gxf6 33. Ne8+ Kc6 34.
Nxf6 b5 35. Kd3 Kd6 36. g3 Ke5 37. Ne4 Kd5 38. Nc3+ Kc5 39. h4 b4 40. Nb1 a4 41.
g4 1-0